| 000 | 02269cam a2200301 a 4500 | ||
|---|---|---|---|
| 001 | 3924567 | ||
| 005 | 20210414114658.0 | ||
| 008 | 921002s1993 nyua 001 0 eng | ||
| 010 | _a 92037120 | ||
| 020 | _a978049580237 | ||
| 020 | _a0495802328 | ||
| 040 |
_aDLC _cDLC _dDLC |
||
| 050 | 0 | 0 | _aPE1439.M13 |
| 082 | 0 | 0 |
_a808/.0427 _220 |
| 100 | 1 | _aMcCuen-Metherell, Jo Ray | |
| 245 | 1 | 0 |
_aReadings for writers. / _cJo Ray McCuen-Metherell, Anthony Winkler |
| 250 | _a13th ed. | ||
| 260 |
_aBoston: _bWadsworth, _c2010. |
||
| 300 |
_axxviii, 820 p + 32 unnumbered pages of plates : _bill. (some col.); _c24cm |
||
| 500 | _aIncludes index. | ||
| 505 | _aContents: Reading and writing : from reading to writing. Reading critically -- Rhetoric : the art of persuasion -- Synthesis : incorporating outside sources -- The writer's voice -- The writer's thesis -- Organizing ideas -- Developing good paragraphs -- Patterns of development. Narration -- Description -- Process analysis -- Illustration/exemplification -- Definition -- Comparison/contrast -- Division/classification -- Causal analysis -- Argumentation and persuasion -- Combining the modes -- Rewriting your writing. The editing booth -- Special writing projects. Assignment 1 : the research paper -- Annotated student research paper : Modern Language Association (MLA) style -- Annotated student research paper : American Psychological Association (APA) style -- Assignment 2 : the literary paper -- Annotated literary paper. | ||
| 520 | _a"From helping you find your voice to guiding you on the latest MLA and APA documentation guidelines, Readings for Writers is designed to help you become a more successful writer. Throughout the text, the authors offer helpful commentary, practical tips and suggestions, student essays, and other writing tools that you can use for any assessment. But even more importantly, they present over 100 readings from a variety of genres and authors that will inspire and inform your writing"--Back cover. Read less | ||
| 650 | 0 | _aCollege readers | |
| 650 | 0 |
_aEnglish language _vRhetoric -- Problems, exercises, etc. |
|
| 650 | 0 |
_aReport writing _vProblems, exercises, etc. |
|
| 650 | 0 |
_aEnglish language _xRhetoric. |
|
| 942 |
_2lcc _cBK |
||
| 999 |
_c7364 _d14864 |
||